Manual imprescindible access 2013 (Registro nro. 7368)
[ vista simple ]
| 000 -CABECERA | |
|---|---|
| campo de control de longitud fija | 00632nam a22002417a 4500 |
| 005 - FECHA Y HORA DE ACTUALIZACIÓN | |
| campo de control | 20160113193553.0 |
| 008 - LONGITUD FIJA | |
| campo de control de longitud fija | 160113b xxu||||| |||| 00| 0 spa d |
| 041 ## - IDIOMA | |
| Código de idioma del texto/pista de sonido o título separado | |
| 082 ## - CLASIFICACIÓN DECIMAL DEWEY | |
| Número de clasificación | 005.756 |
| Número de documento/Ítem | Ch483m |
| 100 ## - AUTOR PERSONAL | |
| Nombre de persona | Charte Ojeda, Francisco |
| 245 ## - TÍTULO PROPIAMENTE DICHO | |
| Título | Manual imprescindible access 2013 |
| 260 ## - PIE DE IMPRENTA | |
| Lugar de publicación, distribución, etc. | España |
| Nombre del editor, distribuidor, etc. | Anaya |
| Fecha de publicación, distribución, etc. | 2013 |
| 300 ## - DESCRIPCIÓN FÍSICA | |
| Extensión | 400 páginas |
| 650 ## - Materia General | |
| Materia general | BASES DE DATOS |
| 650 ## - Materia General | |
| Materia general | ACCESS 2013 |
| 650 ## - Materia General | |
| Materia general | PLANTILLAS |
| 650 ## - Materia General | |
| Materia general | TABLAS |
| 650 ## - Materia General | |
| Materia general | BASES DE DATOS |
| 650 ## - Materia General | |
| Materia general | FORMULARIOS |
| 650 ## - Materia General | |
| Materia general | SQL |
| 650 ## - Materia General | |
| Materia general | DATOS EXTERNOS |
| 942 ## - Punto de Acceso Adicional Koha | |
| Tipo de ítem Koha | Libro |
| Estado perdido | Estado dañado | No para préstamo | Biblioteca permanente | Biblioteca actual | Signatura completa | Código de barras | Precio efectivo a partir del | Tipo de ítem |
|---|---|---|---|---|---|---|---|---|
| Departamento de Biblioteca y Documentación Alfonso Chase Brenes | Departamento de Biblioteca y Documentación Alfonso Chase Brenes | 005.756 Ch483m | 19902 | 13/01/2016 | Libro |